| 000 | 00860cam a22002775a 4500 | ||
|---|---|---|---|
| 005 | 20150813131352.0 | ||
| 008 | 150322t2014 xxuao frb 001 0 eng d | ||
| 020 | _a9780077151690 | ||
| 020 | _a0077151690 | ||
| 040 |
_aEG-ScBUE _beng _cEG-ScBUE |
||
| 082 | 0 | 4 |
_222 _a658.848 _bINT |
| 245 | 0 | 0 |
_aInternational marketing / _cPhilip R. Cateora ... [et al.] |
| 250 | _a1st Middle East ed. | ||
| 260 |
_aNew York, United States : _bMcGraw Hill Education, _cc.2014. |
||
| 300 |
_axxxiii, 638 p. : _bill. (col.) ; _c28 cm. |
||
| 500 | _aGlossary : p. 602-610. | ||
| 500 | _aIndex: p. 613-638. | ||
| 504 | _aBibliography: 611-612. | ||
| 590 | _aMohamed Hussein | ||
| 650 | 0 |
_aExport marketing _2BUEsh |
|
| 650 | 0 |
_aInternational business enterprises _2BUEsh |
|
| 651 | _2BUEsh | ||
| 653 |
_bBUSADM _cMarch2015 |
||
| 655 |
_vtext book _933728 |
||
| 942 | _2ddc | ||
| 999 |
_c19095 _d19067 |
||